| 000 | 00767cab a22002055a 4500 | ||
|---|---|---|---|
| 001 | L148901 | ||
| 008 | 091123e20091003xxka f s 000 0 eng d | ||
| 035 | _a(Sirsi) u148901 | ||
| 041 | 0 | _aeng | |
| 100 | 1 | _aAuterac, Richard | |
| 245 | 0 | 2 | _aA bid to improve |
| 260 | _c2009 | ||
| 490 |
_aEstates Gazette _v(0939) 03 October 2009, 105(1) |
||
| 520 | _aPresents the third edition of Common Auction Conditions published by the RICS. Explains that it improves the process of buying or selling a property at auctions, takes into account comments received during the consultation and includes recent developments in property law. | ||
| 590 | _aKA | ||
| 651 | 4 |
_aEngland and Wales _y1543- |
|
| 690 |
_aAuctioneering _96218 |
||
| 700 | 1 | _aRedman, Nicholas | |
| 942 | _n0 | ||
| 999 |
_c81999 _d81999 |
||